| 000 | 01035cam a2200349 a 4500 | ||
|---|---|---|---|
| 001 | 12114898 | ||
| 003 | OSt | ||
| 005 | 20140310181628.0 | ||
| 008 | 000721s2000 enka 001 0 eng d | ||
| 010 | _a 00698286 | ||
| 020 | _a078945534X (pbk.) | ||
| 035 | _a(OCoLC)ocm44546069 | ||
| 040 |
_aUAG _cUAG _dDLC |
||
| 042 | _alccopycat | ||
| 050 | 0 | 0 |
_aZ52.5 _b.W337 2000 |
| 082 | 0 | 0 |
_aTR 004.02E _222 _bW33 2000 |
| 100 | 1 |
_aWatson, John, _d1946 Apr. 5- |
|
| 245 | 1 | 0 |
_aDesigning documents / _cJohn Watson. |
| 250 | _a1st American ed. | ||
| 260 |
_aNew York, N.Y. : _bDorling Kindersley Pub., _cc2000. |
||
| 300 |
_a72 p. : _bcol. ill. ; _c18 cm. |
||
| 440 | 0 |
_aEssential computers. _pWord processing |
|
| 500 | _aIncludes index. | ||
| 521 | _aFaculty | ||
| 541 | _j1 | ||
| 562 | _e1 | ||
| 630 | 0 | 0 | _aMicrosoft Word. |
| 650 | 0 | _aWord processing. | |
| 906 |
_a7 _bcbc _ccopycat _d2 _encip _f20 _gy-gencatlg |
||
| 942 |
_2lcc _cBK-TR _kTR |
||
| 999 |
_c425 _d425 |
||